000 00747nam a2200277Ia 4500
003 OSt
005 20221006144305.0
006 a|||||r|||| 00| 0
007 ta
008 221006b |||||||| |||| 00| 0 eng d
020 _a0835110036
_c67.00 (each)
024 _a11,343
037 _cTextual
040 _aEASL
_cEASL
_beng
041 _2eng
_aeng
082 _aO41,3J00, M2.1;
100 _aCHENG'EN Wu
_9579364
245 0 _aJourney to the west, Vol.1
260 _aBeijing
_bForgen Languages Press China
_c1982
300 _a575p.
_ccm.
490 _v 1 CEL
650 _aCEL
700 _a JENNER W J F Tr.
942 _hO41,3J00, M2.1;
_cTEXL
_2CC
999 _c1079429
_d1079429